Hoa mặt trời /

সংরক্ষণ করুন:
গ্রন্থ-পঞ্জীর বিবরন
প্রধান লেখক: Phan Thị Thanh Nhàn
বিন্যাস: Sách giấy
ভাষা:Vietnamese
প্রকাশিত: Hà Nội : Phụ nữ , 1978
ট্যাগগুলো: ট্যাগ যুক্ত করুন
কোনো ট্যাগ নেই, প্রথমজন হিসাবে ট্যাগ করুন!
Thư viện lưu trữ: Thư viện Trường Đại học Đà Lạt
LEADER 00570nam a2200253 4500
001 DLU020006000
005 ##4/19/2000
020 # # |a 978- 
041 # # |a vie 
082 # # |a TV  |b PH-N 
090 # # |a TV  |b PH-N 
100 # # |a Phan Thị Thanh Nhàn 
245 # # |a Hoa mặt trời /  |c Phan Thị Thanh Nhàn 
260 # # |a Hà Nội :  |b Phụ nữ ,  |c 1978 
300 # # |a 138 tr.;   |c 19 cm. 
992 # # |a 441 
994 # # |a DLU 
900 # # |a False 
911 # # |a Administrator 
925 # # |a G 
926 # # |a A 
927 # # |a SH 
980 # # |a Thư viện Trường Đại học Đà Lạt